Mastering the sat writing test : An in-depth writing workout

Is the dreaded SAT Writing Test weighing heavily on your mind? Get in shape to tackle it with this in-depth writing workout. In comfortable CliffsNotes® style, you'll get the information you need to improve your score-fast! Part I: Introduction An overview of the new SAT exam An overview of the...

全面介紹

Đã lưu trong:
書目詳細資料
主要作者: Pivarnik-Nova, Denise
格式: 圖書
語言:Undetermined
出版: Hoboken, NJ Wiley Pub. 2005
主題:
標簽: 添加標簽
沒有標簽, 成為第一個標記此記錄!
Thư viện lưu trữ: Trung tâm Học liệu Trường Đại học Cần Thơ
LEADER 01618nam a2200229Ia 4500
001 CTU_165840
008 210402s9999 xx 000 0 und d
020 |c 14.99 
082 |a 378.1662 
082 |b P579 
100 |a Pivarnik-Nova, Denise 
245 0 |a Mastering the sat writing test : 
245 3 |b An in-depth writing workout 
245 0 |c Denise Pivarnik-Nova 
260 |a Hoboken, NJ 
260 |b Wiley Pub. 
260 |c 2005 
520 |a Is the dreaded SAT Writing Test weighing heavily on your mind? Get in shape to tackle it with this in-depth writing workout. In comfortable CliffsNotes® style, you'll get the information you need to improve your score-fast! Part I: Introduction An overview of the new SAT exam An overview of the Writing Test, including the essay and multiple-choice questions A diagnostic test Part II: The Essay and Verbal Review Essay writing skills, from topic sentences to conclusions Rules to review and remember Sample essays with critiques on why they are good and how they could be better Review of grammar and usage you need to know Practice with multiple-choice questions Practice writing essays Part III: Practice Exams Four full-length practice tests with complete answers and explanations Two model essay responses per test, each with suggested scoring and detailed analysis 
650 |a English language,SAT (Educational test),Anh ngữ,SAT (Giáo dục kiểm tra) 
650 |x Composition and exercises,Examinations,Thành phần và bài tập,Kỳ thi 
904 |i Trọng Hải 
980 |a Trung tâm Học liệu Trường Đại học Cần Thơ